East Asian Integration (Record no. 93056)

MARC details
000 -LEADER
fixed length control field 01725nam a2200277Ii 4500
008 - FIXED-LENGTH DATA ELEMENTS--GENERAL INFORMATION
fixed length control field 221202s xx 000 0 und d
245 #0 - TITLE STATEMENT
Title East Asian Integration
246 ## - VARYING FORM OF TITLE
Title proper/short title Goods, Services and Investment
264 ## - PRODUCTION, PUBLICATION, DISTRIBUTION, MANUFACTURE, AND COPYRIGHT NOTICE
Name of producer, publisher, distributor, manufacturer Taylor & Francis
Date of production, publication, distribution, manufacture, or copyright notice 2019
300 ## - PHYSICAL DESCRIPTION
Extent 1 online resource (282 pages)
336 ## - CONTENT TYPE
Content type term text
Content type code txt
Source rdacontent
337 ## - MEDIA TYPE
Media type term computer
Media type code c
Source rdamedia
338 ## - CARRIER TYPE
Carrier type term online resource
Carrier type code cr
Source rdacarrier
490 ## - SERIES STATEMENT
Series statement Routledge-ERIA Studies in Development Economics
520 ## - SUMMARY, ETC.
Summary, etc. The growth of world trade has been stagnant in recent times; trade liberalisation now has been challenged. The recent rise of anti-globalisation calls for a better integration in East Asia. How should East Asia manage its openness? This book provides profound analyses on rules of origins, non-tariff measures, restrictiveness in services and investment. It gives insight into how East Asian countries should shape its trade, investment and industrial policies. This book helps to answer what kind of a better integration it should be, and how East Asia can realise it. "The Open Access version of this book, available at http://www.taylorfrancis.com/books/10.4324/9780429433603, has been made available under a Creative Commons Attribution-Non Commercial-No Derivatives 4.0 license."
653 ## - INDEX TERM--UNCONTROLLED
Uncontrolled term Asean
653 ## - INDEX TERM--UNCONTROLLED
Uncontrolled term East Asia
653 ## - INDEX TERM--UNCONTROLLED
Uncontrolled term Economic Integration In East Asia
653 ## - INDEX TERM--UNCONTROLLED
Uncontrolled term Economic Stagnation
653 ## - INDEX TERM--UNCONTROLLED
Uncontrolled term Shujiro Urata
700 1# - ADDED ENTRY--PERSONAL NAME
Personal name Ing, Lili Yan
700 1# - ADDED ENTRY--PERSONAL NAME
Personal name Richardson, Martin
700 1# - ADDED ENTRY--PERSONAL NAME
Personal name Urata, Shujiro
856 ## - ELECTRONIC LOCATION AND ACCESS
Uniform Resource Identifier <a href="https://docs.google.com/spreadsheets/d/1yKIrdCPDAG_9c22mwoOIO2DOhtj65Wqa/edit?usp=sharing&ouid=106555315294820607512&rtpof=true&sd=true ">https://docs.google.com/spreadsheets/d/1yKIrdCPDAG_9c22mwoOIO2DOhtj65Wqa/edit?usp=sharing&ouid=106555315294820607512&rtpof=true&sd=true </a>
Link text List of Curated E-Books
942 ## - ADDED ENTRY ELEMENTS (KOHA)
Koha item type E-Book

No items available.

University of Rizal System
Email us at univlibservices@urs.edu.ph

Visit our Website www.urs.edu.ph/library